[Event "30. Open Pula 2016"]
[Site "Pula CRO"]
[Date "2016.09.15"]
[Round "7.12"]
[White "Sygulski, Pawel"]
[Black "Losonczi, Marcell"]
[Result "1-0"]
[WhiteElo "2133"]
[BlackElo "2035"]
[PlyCount "149"]
[EventDate "2016.09.10"]
[EventType "swiss"]
[EventRounds "9"]
[EventCountry "CRO"]
[SourceTitle "Ajedrez en Madrid"]
[Source "lmi"]
[SourceDate "2016.09.10"]
[SourceVersion "1"]
[SourceVersionDate "2017.04.19"]
[SourceQuality "1"]

1. d4 e6 2. Nf3 b6 3. e4 Bb7 4. Bd3 c5 5. c3 Be7 6. O-O Nf6 7. Qe2 d6 8. Bg5
O-O 9. Nbd2 h6 10. Bxf6 Bxf6 11. e5 Be7 12. Rfd1 Nd7 13. exd6 Bxd6 14. Ne4 Qc7
15. Nxd6 Qxd6 16. Be4 Bxe4 17. Qxe4 Nf6 18. Qe5 Rfd8 19. Qxd6 Rxd6 20. dxc5
Rxd1+ 21. Rxd1 bxc5 22. Ne5 Rb8 23. b3 Ne4 24. c4 a5 25. Rd3 a4 26. Nd7 Rb7 27.
f3 axb3 28. axb3 Nf6 29. Nxc5 Ra7 30. Rd8+ Kh7 31. Rd1 Ra2 32. Rb1 Rc2 33. Na4
Nd7 34. Rb2 Rc1+ 35. Kf2 Ne5 36. Ke3 Re1+ 37. Re2 Rb1 38. Nb2 Kg6 39. Kd4 f6
40. Rc2 Nc6+ 41. Kc3 Re1 42. Nd3 Ra1 43. Nb4 Ne5 44. f4 Nd7 45. Kb2 Rf1 46. Nd3
Kf5 47. b4 Ke4 48. Kc3 Ke3 49. g3 Rf3 50. Nb2 Rf1 51. c5 Ke4 52. Re2+ Kd5 53.
Rd2+ Kc6 54. Rd6+ Kc7 55. Rxe6 Rh1 56. Re7 g5 57. fxg5 fxg5 58. Nc4 Kd8 59. Re2
Kc7 60. Ra2 Kc6 61. Rd2 Kc7 62. Nd6 Rc1+ 63. Kd4 Nb8 64. b5 Nd7 65. Ne4 Rb1 66.
Nc3 Rb4+ 67. Kd5 Nf6+ 68. Ke6 Rc4 69. Nd5+ Nxd5 70. Kxd5 Rc1 71. b6+ Kb7 72.
Kd6 Rc3 73. Rf2 Rd3+ 74. Ke5 Kc6 75. Rc2 1-0

[Event "30. Open Pula 2016"]
[Site "Pula CRO"]
[Date "2016.09.15"]
[Round "7.13"]
[White "Stock, Andreas"]
[Black "Kersic, Matej"]
[Result "1-0"]
[WhiteElo "2046"]
[BlackElo "2129"]
[PlyCount "81"]
[EventDate "2016.09.10"]
[EventType "swiss"]
[EventRounds "9"]
[EventCountry "CRO"]
[SourceTitle "Ajedrez en Madrid"]
[Source "lmi"]
[SourceDate "2016.09.10"]
[SourceVersion "1"]
[SourceVersionDate "2017.04.19"]
[SourceQuality "1"]

1. c4 c6 2. Nc3 d5 3. cxd5 cxd5 4. d4 Nf6 5. Nf3 Nc6 6. Ne5 e6 7. Nxc6 bxc6 8.
e3 Bd6 9. Bd3 O-O 10. O-O c5 11. dxc5 Bxc5 12. Bd2 Bb7 13. Rc1 Qe7 14. a3 Rac8
15. Na2 d4 16. exd4 Bxd4 17. Bb4 Qd7 18. Bxf8 Qd5 19. Qf3 Qd7 20. Qg3 Kxf8 21.
Rxc8+ Bxc8 22. Nc3 Bb7 23. Qb8+ Ke7 24. Bb5 Bc6 25. Bxc6 Qxc6 26. Qb4+ Bc5 27.
Qb5 Qc7 28. h3 g6 29. Qd3 Qe5 30. Qe2 Qf4 31. Qf3 Qe5 32. g3 h5 33. Qf4 Qxf4
34. gxf4 a6 35. Kg2 Bd4 36. Rc1 Kd6 37. Kf3 e5 38. fxe5+ Bxe5 39. Rd1+ Ke6 40.
Rd8 g5 41. Ra8 1-0

[Event "30. Open Pula 2016"]
[Site "Pula CRO"]
[Date "2016.09.15"]
[Round "7.14"]
[White "Berke, Ana"]
[Black "Kukurin, Luka"]
[Result "1-0"]
[WhiteElo "2128"]
[BlackElo "2027"]
[PlyCount "69"]
[EventDate "2016.09.10"]
[EventType "swiss"]
[EventRounds "9"]
[EventCountry "CRO"]
[SourceTitle "Ajedrez en Madrid"]
[Source "lmi"]
[SourceDate "2016.09.10"]
[SourceVersion "1"]
[SourceVersionDate "2017.04.19"]
[SourceQuality "1"]

1. e4 c5 2. Nf3 e6 3. c4 Nc6 4. Be2 Be7 5. d4 cxd4 6. Nxd4 Nf6 7. Nc3 d6 8. O-O
O-O 9. Be3 a6 10. Qd2 Bd7 11. Nc2 Ne5 12. f3 Qb8 13. a4 Qc7 14. b3 Bc6 15. a5
Nfd7 16. b4 b6 17. f4 Ng6 18. Nd4 Bb7 19. f5 exf5 20. Nxf5 bxa5 21. Nxe7+ Nxe7
22. Rxa5 Nf6 23. Nd5 Bxd5 24. exd5 Ng6 25. c5 Rfe8 26. Bf3 Ne5 27. Bd4 dxc5 28.
Bxe5 Qxe5 29. bxc5 Rab8 30. d6 Rbd8 31. Rd1 Re6 32. c6 Rexd6 33. Rxe5 Rxd2 34.
Rxd2 Rxd2 35. Rc5 1-0

[Event "30. Open Pula 2016"]
[Site "Pula CRO"]
[Date "2016.09.15"]
[Round "7.15"]
[White "Slamar, Velimir"]
[Black "Skok, Boris"]
[Result "1/2-1/2"]
[WhiteElo "2116"]
[BlackElo "2001"]
[PlyCount "121"]
[EventDate "2016.09.10"]
[EventType "swiss"]
[EventRounds "9"]
[EventCountry "CRO"]
[SourceTitle "Ajedrez en Madrid"]
[Source "lmi"]
[SourceDate "2016.09.10"]
[SourceVersion "1"]
[SourceVersionDate "2017.04.19"]
[SourceQuality "1"]

1. d4 d5 2. c4 c6 3. Nf3 Nf6 4. e3 a6 5. Nc3 b5 6. b3 Bg4 7. Be2 e6 8. O-O Nbd7
9. h3 Bh5 10. Bb2 Bd6 11. Rc1 O-O 12. Ne5 Bxe2 13. Nxe2 Rc8 14. Ng3 Nb8 15. f4
g6 16. Qf3 Qe7 17. e4 Ba3 18. Bxa3 Qxa3 19. cxd5 cxd5 20. Rxc8 Rxc8 21. exd5
Nxd5 22. f5 Rc3 23. Qf2 exf5 24. Nxf5 f6 25. Nh6+ Kg7 26. Nhg4 Rc1 27. Nd3
Rxf1+ 28. Kxf1 Nc6 29. Qd2 Nxd4 30. Qf2 Nc6 31. Qd2 Qd6 32. Qh6+ Kg8 33. Qc1 h5
34. Ne3 Nde7 35. Nf2 Qd4 36. Nc2 Qe5 37. Qd2 Nd5 38. Kg1 Nce7 39. Nb4 Qa1+ 40.
Kh2 Qe5+ 41. Kg1 Qa1+ 42. Kh2 Qc3 43. Qxc3 Nxc3 44. Nxa6 Nxa2 45. Ne4 Kg7 46.
b4 Nc6 47. Nc7 Naxb4 48. Nxb5 f5 49. Nd2 Kf6 50. h4 Ne5 51. Nd4 Nd5 52. N4f3
Nxf3+ 53. Nxf3 f4 54. g3 Kf5 55. Kh3 Ke4 56. Ng5+ Ke3 57. gxf4 Kxf4 58. Ne6+
Kf5 59. Ng5 Kf4 60. Ne6+ Kf3 61. Ng5+ 1/2-1/2

[Event "30. Open Pula 2016"]
[Site "Pula CRO"]
[Date "2016.09.15"]
[Round "7.16"]
[White "Dotlic, Zdravko"]
[Black "Glavas, Dragan"]
[Result "0-1"]
[WhiteElo "2021"]
[BlackElo "2274"]
[PlyCount "144"]
[EventDate "2016.09.10"]
[EventType "swiss"]
[EventRounds "9"]
[EventCountry "CRO"]
[SourceTitle "Ajedrez en Madrid"]
[Source "lmi"]
[SourceDate "2016.09.10"]
[SourceVersion "1"]
[SourceVersionDate "2017.04.19"]
[SourceQuality "1"]

1. e4 e6 2. d4 d5 3. Nc3 Bb4 4. e5 c5 5. a3 Bxc3+ 6. bxc3 Ne7 7. a4 Nbc6 8. Nf3
Qc7 9. Bb5 Bd7 10. O-O a6 11. Bd3 c4 12. Be2 f6 13. Bf4 Ng6 14. Bg3 f5 15. Nh4
Nxh4 16. Bxh4 O-O 17. f4 b5 18. axb5 axb5 19. Qd2 Ra5 20. h3 Rfa8 21. Rxa5 Rxa5
22. g4 Ra3 23. gxf5 exf5 24. Bf3 Be6 25. Qg2 Qd7 26. Rb1 Na7 27. Be1 Nc8 28.
Bd2 Nb6 29. Qf1 Na8 30. Qc1 Ra4 31. Qb2 Nc7 32. Qc1 Qe7 33. Qe1 Ra2 34. Bg2 Qa3
35. Qh4 Qf8 36. Qe1 Qa8 37. Qd1 h6 38. Be1 Qa4 39. Rc1 Kh7 40. Qe2 Qa3 41. Qd1
Ne8 42. Rb1 Qa4 43. Rb4 Qa5 44. Kh2 Nc7 45. Bh4 Na6 46. Rb1 Qa4 47. Be1 Nc7 48.
Rc1 Na6 49. Qe2 Qa3 50. Rb1 Qa4 51. Rc1 b4 52. cxb4 Nxb4 53. Bxb4 Qxb4 54. Bf3
Qc3 55. Qf2 Qb2 56. Qd2 Ra3 57. Rg1 g5 58. Bd1 Rd3 59. Qg2 Rxd4 60. fxg5 Qc3
61. gxh6 Rd2 62. Be2 Qxe5+ 63. Kh1 Qe4 64. Qxe4 dxe4 65. Rg2 Bd5 66. Kg1 e3 67.
Rg7+ Kxh6 68. Rd7 Rxe2 69. Rxd5 Rxc2 70. Re5 f4 71. Kf1 c3 72. h4 Rd2 0-1

[Event "30. Open Pula 2016"]
[Site "Pula CRO"]
[Date "2016.09.15"]
[Round "7.17"]
[White "Licardo, Renato"]
[Black "Luijpen, Michiel"]
[Result "1-0"]
[WhiteElo "2215"]
[BlackElo "1958"]
[PlyCount "89"]
[EventDate "2016.09.10"]
[EventType "swiss"]
[EventRounds "9"]
[EventCountry "CRO"]
[SourceTitle "Ajedrez en Madrid"]
[Source "lmi"]
[SourceDate "2016.09.10"]
[SourceVersion "1"]
[SourceVersionDate "2017.04.19"]
[SourceQuality "1"]

1. e4 d5 2. exd5 Qxd5 3. Nc3 Qa5 4. d4 Nf6 5. Bc4 Bg4 6. f3 Bf5 7. Nge2 Nbd7 8.
Bf4 e5 9. dxe5 Nxe5 10. Bxe5 Qxe5 11. Qd4 Bd6 12. Nb5 Bxc2 13. Nxd6+ Qxd6 14.
Bb5+ Ke7 15. Qc3 c6 16. Bc4 Bg6 17. Rd1 Qc7 18. Qa3+ c5 19. Qe3+ Kf8 20. O-O
Re8 21. Qc1 h6 22. Bb5 Re7 23. Nf4 Bf5 24. Nd5 Nxd5 25. Rxd5 Be6 26. Rxc5 Qb6
27. Kh1 f6 28. a4 Kf7 29. a5 Qd6 30. Rd1 Qb8 31. Re1 Rc8 32. b4 Rxc5 33. Qxc5
b6 34. Qh5+ Kf8 35. Rd1 Bf7 36. Qf5 Qe5 37. Qxe5 Rxe5 38. axb6 axb6 39. Bc6 Bb3
40. Rd8+ Kf7 41. h4 Re6 42. b5 Kg6 43. Kh2 Kh5 44. Be8+ g6 45. Kh3 1-0

[Event "30. Open Pula 2016"]
[Site "Pula CRO"]
[Date "2016.09.15"]
[Round "7.18"]
[White "Zagorsek, David"]
[Black "Konic, Zlatko"]
[Result "0-1"]
[WhiteElo "1945"]
[BlackElo "2118"]
[PlyCount "106"]
[EventDate "2016.09.10"]
[EventType "swiss"]
[EventRounds "9"]
[EventCountry "CRO"]
[SourceTitle "Ajedrez en Madrid"]
[Source "lmi"]
[SourceDate "2016.09.10"]
[SourceVersion "1"]
[SourceVersionDate "2017.04.19"]
[SourceQuality "1"]

1. e4 e5 2. Nf3 Nc6 3. Bb5 a6 4. Ba4 Nf6 5. O-O Be7 6. Re1 b5 7. Bb3 O-O 8. h3
d6 9. c3 Na5 10. Bc2 c5 11. d3 Qc7 12. Nbd2 Nc6 13. Nf1 h6 14. Ng3 Re8 15. Qe2
Bd7 16. Be3 b4 17. d4 bxc3 18. bxc3 cxd4 19. cxd4 Bf8 20. d5 Nb4 21. Rec1 Bb5
22. Qd2 a5 23. Bd3 Qd7 24. Bxb5 Qxb5 25. a3 Na6 26. Rab1 Qa4 27. Qd3 Nc5 28.
Bxc5 dxc5 29. Nd2 Qd4 30. Qe2 Reb8 31. Nf5 Rxb1 32. Rxb1 Qc3 33. Nc4 g6 34. Ng3
h5 35. Nf1 Bh6 36. Rb7 Rd8 37. Qf3 Qxc4 38. Qxf6 Rf8 39. Qxe5 Bg7 40. Qf4 Qd4
41. Qe3 Qc4 42. Qf3 Be5 43. g3 Qc1 44. h4 c4 45. Kg2 c3 46. Ne3 c2 47. Re7 Qxa3
48. Rxe5 c1=Q 49. Qf6 Qca1 50. Kf3 Qh1+ 51. Kf4 Qb2 52. Kg5 Qxe5+ 53. Qxe5 f6+
0-1

[Event "30. Open Pula 2016"]
[Site "Pula CRO"]
[Date "2016.09.15"]
[Round "7.19"]
[White "Murko, David"]
[Black "Klem, Davor"]
[Result "1-0"]
[WhiteElo "2103"]
[BlackElo "2048"]
[PlyCount "109"]
[EventDate "2016.09.10"]
[EventType "swiss"]
[EventRounds "9"]
[EventCountry "CRO"]
[SourceTitle "Ajedrez en Madrid"]
[Source "lmi"]
[SourceDate "2016.09.10"]
[SourceVersion "1"]
[SourceVersionDate "2017.04.19"]
[SourceQuality "1"]

1. e4 g6 2. d4 Bg7 3. Nf3 d6 4. Nc3 Nf6 5. h3 O-O 6. Bc4 Nxe4 7. Nxe4 d5 8. Bd3
dxe4 9. Bxe4 c5 10. dxc5 Qa5+ 11. c3 Qxc5 12. Be3 Qb5 13. Qe2 Qa4 14. Bc2 Qa5
15. O-O Nc6 16. Rfd1 e5 17. Bb3 Bf5 18. g4 Bc8 19. Ng5 Qc7 20. Bc5 Na5 21. Bxf8
Nxb3 22. Bxg7 Nxa1 23. Qxe5 Qxe5 24. Bxe5 Be6 25. Nxe6 fxe6 26. Rxa1 Rd8 27.
Bf4 Kf7 28. Kf1 Rd3 29. Be3 a6 30. Ke2 Rd5 31. Rd1 Rb5 32. b3 h5 33. f4 e5 34.
c4 Ra5 35. a4 exf4 36. Bxf4 hxg4 37. hxg4 g5 38. Bg3 Ke6 39. Rd5 Rxd5 40. cxd5+
Kxd5 41. Kd3 b5 42. axb5 axb5 43. b4 Kc6 44. Kd4 Kb6 45. Kd5 Ka7 46. Kc6 Ka6
47. Be5 Ka7 48. Kxb5 Kb7 49. Bg3 Ka7 50. Kc6 Ka8 51. b5 Ka7 52. b6+ Ka8 53. b7+
Ka7 54. b8=Q+ Ka6 55. Qb6# 1-0

[Event "30. Open Pula 2016"]
[Site "Pula CRO"]
[Date "2016.09.15"]
[Round "7.20"]
[White "Siljan, Milorad"]
[Black "Schaffert, Walter"]
[Result "0-1"]
[WhiteElo "1971"]
[BlackElo "2099"]
[PlyCount "136"]
[EventDate "2016.09.10"]
[EventType "swiss"]
[EventRounds "9"]
[EventCountry "CRO"]
[SourceTitle "Ajedrez en Madrid"]
[Source "lmi"]
[SourceDate "2016.09.10"]
[SourceVersion "1"]
[SourceVersionDate "2017.04.19"]
[SourceQuality "1"]

1. e4 d5 2. exd5 Qxd5 3. Nc3 Qd6 4. Nf3 Bg4 5. Be2 Nc6 6. O-O e6 7. h3 Bf5 8.
Bb5 O-O-O 9. d3 f6 10. Be3 e5 11. Bxc6 Qxc6 12. Nd2 g5 13. Qf3 Qxf3 14. Nxf3 h5
15. Nd2 Be6 16. Nde4 Kb8 17. Rad1 Be7 18. d4 exd4 19. Bxd4 Rh7 20. Bc5 Re8 21.
Be3 Bd8 22. Rfe1 Rd7 23. Rxd7 Bxd7 24. Nc5 Bc6 25. b4 b6 26. b5 Ba8 27. Nb3 f5
28. Rd1 f4 29. Bd4 Kc8 30. f3 Nf6 31. Nd2 g4 32. hxg4 hxg4 33. Kf2 Nd5 34. Nce4
Bh4+ 35. Ke2 c5 36. bxc6 gxf3+ 37. gxf3 Bxc6 38. Kd3 Kc7 39. Rh1 Be7 40. c3 Kb8
41. Be5+ Kb7 42. Rh7 Ka6 43. Bd4 Rd8 44. Kc2 Bf8 45. Kb3 Ne3 46. a4 Nf5 47. Be5
Ne7 48. Bf6 Rd7 49. Rh8 Rd8 50. c4 Ka5 51. Bc3+ Ka6 52. Rh7 Nf5 53. Rf7 Bd7 54.
Bf6 Be6 55. Rc7 Rd3+ 56. Kc2 Ra3 57. Nc3 Bd6 58. Rh7 Ne3+ 59. Kc1 Bxc4 60. Kb2
Bb4 61. Nde4 Bd3 62. Na2 Nc4+ 63. Ka1 Rxa4 64. Rd7 Bc2 65. Nec3 Bxc3+ 66. Bxc3
Bb3 67. Kb1 Rxa2 68. Bd2 Nxd2+ 0-1

[Event "30. Open Pula 2016"]
[Site "Pula CRO"]
[Date "2016.09.16"]
[Round "8.1"]
[White "Vasic, Bosko"]
[Black "Jovanic, Ognjen"]
[Result "0-1"]
[WhiteElo "2090"]
[BlackElo "2433"]
[PlyCount "132"]
[EventDate "2016.09.10"]
[EventType "swiss"]
[EventRounds "9"]
[EventCountry "CRO"]
[SourceTitle "Ajedrez en Madrid"]
[Source "lmi"]
[SourceDate "2016.09.10"]
[SourceVersion "1"]
[SourceVersionDate "2017.04.19"]
[SourceQuality "1"]

1. e4 c5 2. Nf3 e6 3. d4 cxd4 4. Nxd4 Nc6 5. Nc3 Qc7 6. Ndb5 Qb8 7. Be3 a6 8.
Bb6 axb5 9. Nxb5 Bb4+ 10. c3 Ba5 11. Nc7+ Qxc7 12. Bxc7 Bxc7 13. g3 b6 14. Be2
Nf6 15. Qc2 Bb7 16. O-O Ne5 17. f3 h5 18. c4 Bd6 19. h3 Ng6 20. Kg2 h4 21. g4
Nf4+ 22. Kh1 Nxh3 23. a3 Nf4 24. Rad1 Be5 25. Rf2 d6 26. Qb3 Nd7 27. c5 Nxe2
28. Rxe2 Ba6 29. Red2 bxc5 30. Rxd6 Bxd6 31. Rxd6 Ke7 32. Rd2 Rhd8 33. Qe3 f6
34. g5 Rh8 35. Kh2 h3 36. f4 Rac8 37. Qb3 Rc6 38. Qg3 Rh7 39. e5 f5 40. Qf3 Nb8
41. Qd1 Rh8 42. Rd6 Rhc8 43. Kxh3 Bc4 44. Rxc6 Nxc6 45. Qd6+ Ke8 46. Qxc5 Ne7
47. Qd4 Bd5 48. Qa4+ Kf8 49. Qd7 Ra8 50. Kg3 g6 51. Kf2 Kf7 52. Ke3 Rb8 53. b4
Ra8 54. Kd4 Rxa3 55. Kc5 Rc3+ 56. Kb6 Bc6 57. Qa7 Rc4 58. Ka5 Rxf4 59. b5 Rf1
60. Qd4 Rb1 61. Qd8 Rxb5+ 62. Ka6 Rxe5 63. Qd4 Re4 64. Qf6+ Ke8 65. Ka7 Ra4+
66. Kb8 Ra8+ 0-1

[Event "30. Open Pula 2016"]
[Site "Pula CRO"]
[Date "2016.09.16"]
[Round "8.2"]
[White "Fercec, Nenad"]
[Black "Barthel, Ansgar"]
[Result "1-0"]
[WhiteElo "2441"]
[BlackElo "2211"]
[PlyCount "95"]
[EventDate "2016.09.10"]
[EventType "swiss"]
[EventRounds "9"]
[EventCountry "CRO"]
[SourceTitle "Ajedrez en Madrid"]
[Source "lmi"]
[SourceDate "2016.09.10"]
[SourceVersion "1"]
[SourceVersionDate "2017.04.19"]
[SourceQuality "1"]

1. e4 Nf6 2. e5 Nd5 3. d4 d6 4. Nf3 dxe5 5. Nxe5 c6 6. Bc4 Nd7 7. Nd3 g6 8. O-O
Bg7 9. c3 O-O 10. Bg5 N7f6 11. Re1 Bf5 12. Bh4 Nb6 13. Bb3 Bxd3 14. Qxd3 c5 15.
Rd1 cxd4 16. Qxd4 Qxd4 17. Rxd4 Rfd8 18. Rxd8+ Rxd8 19. Na3 Rd2 20. Rd1 Rxd1+
21. Bxd1 Nfd5 22. Bg5 Nd7 23. Kf1 Nc5 24. Bf3 e6 25. Ke2 Na4 26. Bc1 Bf8 27.
Nc2 b5 28. Ne3 Nf4+ 29. Kd2 Nc5 30. Bc6 b4 31. cxb4 Ncd3 32. a3 Nxc1 33. Kxc1
Nd3+ 34. Kd2 Ne5 35. b5 Bh6 36. Kc3 Bg7 37. Kc2 f5 38. f4 Nf7 39. Nc4 e5 40.
Bd5 Kf8 41. Bxf7 Kxf7 42. Nxe5+ Bxe5 43. fxe5 Ke6 44. a4 Kxe5 45. a5 Kd6 46. b4
g5 47. Kd3 Kd5 48. a6 1-0

[Event "30. Open Pula 2016"]
[Site "Pula CRO"]
[Date "2016.09.16"]
[Round "8.3"]
[White "Ostovic, Matija"]
[Black "Molnar, Bela"]
[Result "1/2-1/2"]
[WhiteElo "2337"]
[BlackElo "2290"]
[PlyCount "69"]
[EventDate "2016.09.10"]
[EventType "swiss"]
[EventRounds "9"]
[EventCountry "CRO"]
[SourceTitle "Ajedrez en Madrid"]
[Source "lmi"]
[SourceDate "2016.09.10"]
[SourceVersion "1"]
[SourceVersionDate "2017.04.19"]
[SourceQuality "1"]

1. e4 e6 2. d4 d5 3. Nd2 Be7 4. Ngf3 Nf6 5. Bd3 c5 6. c3 cxd4 7. cxd4 Nc6 8.
O-O Qb6 9. e5 Nd7 10. Nb3 a5 11. a4 Nb4 12. Bb5 O-O 13. Bg5 Qd8 14. Bxe7 Qxe7
15. Qd2 Nb6 16. Rfc1 Nc4 17. Bxc4 dxc4 18. Rxc4 b6 19. Rac1 Bd7 20. d5 exd5 21.
Rc7 Rfc8 22. Nbd4 Rxc7 23. Rxc7 Qd8 24. Rc3 h6 25. Qf4 Rc8 26. e6 Bxe6 27. Nxe6
fxe6 28. Qe3 Qe8 29. Qxb6 Rxc3 30. bxc3 Qc6 31. Qxa5 Qxc3 32. h3 Qc1+ 33. Kh2
Qf4+ 34. Kg1 Qc1+ 35. Kh2 1/2-1/2

[Event "30. Open Pula 2016"]
[Site "Pula CRO"]
[Date "2016.09.16"]
[Round "8.4"]
[White "Voscilla, Adriano"]
[Black "Zufic, Miroslav"]
[Result "0-1"]
[WhiteElo "2186"]
[BlackElo "2442"]
[PlyCount "36"]
[EventDate "2016.09.10"]
[EventType "swiss"]
[EventRounds "9"]
[EventCountry "CRO"]
[SourceTitle "Ajedrez en Madrid"]
[Source "lmi"]
[SourceDate "2016.09.10"]
[SourceVersion "1"]
[SourceVersionDate "2017.04.19"]
[SourceQuality "1"]

1. d4 Nf6 2. c4 e6 3. e3 d5 4. Nf3 a6 5. Nc3 c5 6. dxc5 Bxc5 7. cxd5 exd5 8.
Be2 O-O 9. O-O Nc6 10. b3 Be6 11. Bb2 Ne4 12. Qc1 Qe7 13. Rd1 Rfd8 14. a3 f5
15. b4 Ba7 16. b5 Na5 17. Qc2 Rac8 18. Qa4 Nc4 0-1

[Event "30. Open Pula 2016"]
[Site "Pula CRO"]
[Date "2016.09.16"]
[Round "8.5"]
[White "Berke, Ana"]
[Black "Srbis, Jurica"]
[Result "1/2-1/2"]
[WhiteElo "2128"]
[BlackElo "2415"]
[PlyCount "85"]
[EventDate "2016.09.10"]
[EventType "swiss"]
[EventRounds "9"]
[EventCountry "CRO"]
[SourceTitle "Ajedrez en Madrid"]
[Source "lmi"]
[SourceDate "2016.09.10"]
[SourceVersion "1"]
[SourceVersionDate "2017.04.19"]
[SourceQuality "1"]

1. Nf3 Nf6 2. c4 c5 3. Nc3 Nc6 4. d4 cxd4 5. Nxd4 d6 6. e4 g6 7. Be2 Nxd4 8.
Qxd4 Bg7 9. Be3 O-O 10. Qd2 Be6 11. f3 Qa5 12. Rc1 Rfc8 13. b3 a6 14. Nd5 Qxd2+
15. Kxd2 Bxd5 16. cxd5 e6 17. dxe6 fxe6 18. Rxc8+ Rxc8 19. Rc1 Rxc1 20. Kxc1 d5
21. exd5 Nxd5 22. Bd2 Kf7 23. f4 Bd4 24. Bf3 Bg1 25. h3 Bh2 26. Kc2 Bg3 27. a4
Kf6 28. Kd3 Ke7 29. a5 Kd6 30. Kc4 Bh4 31. g4 Bd8 32. Be1 b5+ 33. axb6 Nxb6+
34. Kd4 Nd5 35. Ke4 Bc7 36. Be2 a5 37. h4 Kc5 38. Bd2 Nf6+ 39. Kd3 Nd5 40. Ke4
Nf6+ 41. Kd3 Nd5 42. Ke4 Nf6+ 43. Kd3 1/2-1/2

[Event "30. Open Pula 2016"]
[Site "Pula CRO"]
[Date "2016.09.16"]
[Round "8.6"]
[White "Sygulski, Pawel"]
[Black "Krsnik Cohar, Ivan Vihor"]
[Result "0-1"]
[WhiteElo "2133"]
[BlackElo "2330"]
[PlyCount "74"]
[EventDate "2016.09.10"]
[EventType "swiss"]
[EventRounds "9"]
[EventCountry "CRO"]
[SourceTitle "Ajedrez en Madrid"]
[Source "lmi"]
[SourceDate "2016.09.10"]
[SourceVersion "1"]
[SourceVersionDate "2017.04.19"]
[SourceQuality "1"]

1. e4 c6 2. d4 d5 3. exd5 cxd5 4. Bd3 Nc6 5. Nf3 Bg4 6. c3 Qc7 7. Na3 a6 8. Nc2
e6 9. Qe2 Nf6 10. Bg5 Be7 11. Qe3 Bd6 12. Bxf6 gxf6 13. Qh6 O-O-O 14. Qxf6 h5
15. Ne3 Be7 16. Qxf7 Rdf8 17. Qg7 Rfg8 18. Qf7 Nd8 19. Nxd5 Nxf7 20. Nxc7 Bxf3
21. gxf3 Kxc7 22. Ke2 Rg2 23. Rag1 Rhg8 24. Rxg2 Rxg2 25. Kf1 Rg5 26. f4 Rg4
27. f5 exf5 28. Bxf5 Rf4 29. Bg6 Bh4 30. f3 Rxf3+ 31. Kg2 Ng5 32. Rf1 Re3 33.
Bxh5 Rd3 34. Rf4 Rd2+ 35. Kh1 Bf2 36. h4 Bg3 37. Rf6 Nh3 0-1

[Event "30. Open Pula 2016"]
[Site "Pula CRO"]
[Date "2016.09.16"]
[Round "8.7"]
[White "Zierke, Oliver"]
[Black "Stock, Andreas"]
[Result "1/2-1/2"]
[WhiteElo "2238"]
[BlackElo "2046"]
[PlyCount "56"]
[EventDate "2016.09.10"]
[EventType "swiss"]
[EventRounds "9"]
[EventCountry "CRO"]
[SourceTitle "Ajedrez en Madrid"]
[Source "lmi"]
[SourceDate "2016.09.10"]
[SourceVersion "1"]
[SourceVersionDate "2017.04.19"]
[SourceQuality "1"]

1. d4 Nf6 2. Nf3 c5 3. d5 b5 4. Bg5 Qb6 5. Bxf6 Qxf6 6. c3 d6 7. e4 a6 8. Nbd2
Nd7 9. Be2 g6 10. O-O Bh6 11. a4 Rb8 12. axb5 axb5 13. Qc2 O-O 14. Ra7 e6 15.
c4 bxc4 16. Nxc4 exd5 17. exd5 Rb4 18. b3 Nb6 19. Nxb6 Rxb6 20. Bc4 Bf5 21. Qe2
Bg4 22. Re1 Bxf3 23. Qxf3 Qxf3 24. gxf3 Bf4 25. Ree7 Kg7 26. h3 Kf6 27. Kf1
Rbb8 28. Re4 g5 1/2-1/2

[Event "30. Open Pula 2016"]
[Site "Pula CRO"]
[Date "2016.09.16"]
[Round "8.8"]
[White "Loncar, Robert"]
[Black "Elishev, Ivan"]
[Result "1-0"]
[WhiteElo "2389"]
[BlackElo "2098"]
[PlyCount "53"]
[EventDate "2016.09.10"]
[EventType "swiss"]
[EventRounds "9"]
[EventCountry "CRO"]
[SourceTitle "Ajedrez en Madrid"]
[Source "lmi"]
[SourceDate "2016.09.10"]
[SourceVersion "1"]
[SourceVersionDate "2017.04.19"]
[SourceQuality "1"]

1. d4 Nf6 2. c4 g6 3. Nc3 d5 4. cxd5 Nxd5 5. e4 Nxc3 6. bxc3 Bg7 7. Nf3 O-O 8.
h3 c5 9. Be2 cxd4 10. cxd4 Nc6 11. Be3 Qa5+ 12. Bd2 Qa3 13. d5 Nd4 14. Nxd4
Bxd4 15. Rb1 f5 16. O-O Qd6 17. Bb4 Qe5 18. Bc4 fxe4 19. d6+ e6 20. d7 Bxd7 21.
Bxf8 Rxf8 22. Rxb7 Bc6 23. Re7 Qc5 24. Bxe6+ Kh8 25. Rc7 Bxf2+ 26. Kh1 Qb6 27.
Qa1+ 1-0

[Event "30. Open Pula 2016"]
[Site "Pula CRO"]
[Date "2016.09.16"]
[Round "8.9"]
[White "Kozak, Antoni"]
[Black "Hresc, Vladimir"]
[Result "0-1"]
[WhiteElo "2105"]
[BlackElo "2354"]
[PlyCount "66"]
[EventDate "2016.09.10"]
[EventType "swiss"]
[EventRounds "9"]
[EventCountry "CRO"]
[SourceTitle "Ajedrez en Madrid"]
[Source "lmi"]
[SourceDate "2016.09.10"]
[SourceVersion "1"]
[SourceVersionDate "2017.04.19"]
[SourceQuality "1"]

1. e4 e5 2. Nf3 Nc6 3. Bc4 Bc5 4. d3 d6 5. c3 Nf6 6. b4 Bb6 7. O-O O-O 8. a4 a6
9. Nbd2 d5 10. exd5 Nxd5 11. Ne4 h6 12. Qb3 Nf6 13. a5 Ba7 14. Nxf6+ Qxf6 15.
Be3 Bf5 16. Bxa7 Nxa7 17. Rfe1 Rfe8 18. Re3 Re7 19. Rae1 Rae8 20. Nd2 Nc8 21.
Rf3 Qg6 22. Bd5 Nd6 23. Be4 Nxe4 24. Nxe4 Be6 25. Qc2 f5 26. Rg3 Qf7 27. Nc5 f4
28. Rf3 Bg4 29. Nxb7 Bxf3 30. gxf3 Qg6+ 31. Kf1 Qc6 32. Nc5 Qxf3 33. Nxa6 e4
0-1

[Event "30. Open Pula 2016"]
[Site "Pula CRO"]
[Date "2016.09.16"]
[Round "8.10"]
[White "Glavas, Dragan"]
[Black "Slamar, Velimir"]
[Result "1/2-1/2"]
[WhiteElo "2274"]
[BlackElo "2116"]
[PlyCount "72"]
[EventDate "2016.09.10"]
[EventType "swiss"]
[EventRounds "9"]
[EventCountry "CRO"]
[SourceTitle "Ajedrez en Madrid"]
[Source "lmi"]
[SourceDate "2016.09.10"]
[SourceVersion "1"]
[SourceVersionDate "2017.04.19"]
[SourceQuality "1"]

1. d4 d5 2. c4 e6 3. cxd5 exd5 4. Nc3 c5 5. Nf3 Nf6 6. g3 Nc6 7. Bg2 Be7 8. O-O
O-O 9. dxc5 Bxc5 10. Na4 Be7 11. b3 Re8 12. Bb2 Bf8 13. Rc1 Ne4 14. Nc3 Nxc3
15. Bxc3 Be6 16. Nd4 a5 17. Nxc6 bxc6 18. Bd4 Bd7 19. Bc5 Bxc5 20. Rxc5 Qe7 21.
Rc2 a4 22. e3 axb3 23. axb3 Rab8 24. Rc3 Qb4 25. Qd2 Be6 26. Rd1 Bg4 27. Rdc1
g6 28. Qb2 Bd7 29. Rd1 Qe7 30. Ra1 Rb7 31. h4 h5 32. Ra4 Reb8 33. Qa2 Qe5 34.
Rd4 Rb4 35. Rxb4 Rxb4 36. Qd2 Qb8 1/2-1/2

[Event "30. Open Pula 2016"]
[Site "Pula CRO"]
[Date "2016.09.16"]
[Round "8.11"]
[White "Sestic, Nermin"]
[Black "Licardo, Renato"]
[Result "0-1"]
[WhiteElo "2115"]
[BlackElo "2215"]
[PlyCount "78"]
[EventDate "2016.09.10"]
[EventType "swiss"]
[EventRounds "9"]
[EventCountry "CRO"]
[SourceTitle "Ajedrez en Madrid"]
[Source "lmi"]
[SourceDate "2016.09.10"]
[SourceVersion "1"]
[SourceVersionDate "2017.04.19"]
[SourceQuality "1"]

1. d4 Nf6 2. c4 g6 3. Nf3 Bg7 4. e3 O-O 5. Be2 d5 6. O-O c5 7. Nc3 dxc4 8. Bxc4
Bg4 9. d5 Nbd7 10. Be2 Bf5 11. Nd2 Nb6 12. e4 Bd7 13. a4 e6 14. a5 Nc8 15. Nc4
exd5 16. exd5 Bf5 17. Be3 b6 18. axb6 Nxb6 19. Bxc5 Nxc4 20. Bxc4 Re8 21. Bb5
Bd7 22. Ba6 Ng4 23. h3 Qc7 24. hxg4 Qxc5 25. Be2 Qb4 26. Rb1 a5 27. Bf3 Be5 28.
Re1 a4 29. Re4 Qd6 30. Nxa4 Bh2+ 31. Kh1 Rxe4 32. Bxe4 Rxa4 33. Bf3 Be5 34. b3
Rb4 35. Qe2 h5 36. gxh5 Bb5 37. Qc2 Rh4+ 38. Kg1 Bh2+ 39. Kh1 Bg1+ 0-1